Dancing with myself - Billy Idol - Lyrics - Statistics

General Stats
  • This quiz has been taken 32 times
  • The average score is 302 of 395
Answer Stats
Lyrics % Correct
dancing
100%
(Dancing
100%
Dancing
100%
I
100%
my
100%
myself
100%
to
100%
With
100%
with
100%
Oh
91%
oh
91%
oh)
91%
oh!
91%
the
91%
and
87%
And
87%
I'm
83%
i'm
83%
of
78%
there's
78%
be
74%
If
74%
if
74%
no
74%
On
74%
so
74%
So
74%
go
70%
me
70%
time
70%
Tokyo
70%
when
70%
When
70%
world
70%
chance
65%
girl
65%
had
65%
all
61%
another
61%
by
61%
dance
61%
drink
61%
every
61%
give
61%
in
61%
In
61%
let's
61%
over
61%
reflection
61%
ask
57%
else
57%
I'll
57%
london
57%
one
57%
record
57%
think
57%
type
57%
I'd
52%
mirror's
52%
nothing
52%
town
52%
But
48%
Cause
48%
down
48%
for
48%
lonely
48%
Looked
48%
looked
48%
pass
48%
prove
48%
selection
48%
sink
48%
sweat
48%
eyes
43%
floor
43%
it'll
43%
lose
43%
love
43%
night
43%
sight
43%
Well
43%
empty
39%
its
39%
seem
39%
your
39%
crowded
35%
long
35%
Or
35%
vibration
35%
Leave
26%
wait
26%
OW
22%
uh
22%
wet
13%
Wow!
9%
given
0%
No matching quizzes found
Score Distribution
Percent of People with Each Score
Percentile by Number Answered
Your Score History
You have not taken this quiz